Estudio del comportamiento de las Arenas de pómez del Calle de Guatemala, al ensayo de compresión triaxial / (Registro nro. 79)

Detalles MARC
000 -LEADER
campo de control de longitud fija 01658nam a2200325 i 4500
001 - NÚMERO DE CONTROL
campo de control 42835
003 - IDENTIFICADOR DE NÚMERO DE CONTROL
campo de control gtgccic
005 - FECHA Y HORA DE LA ÚLTIMA TRANSACCIÓN
campo de control 20241108102200.0
007 - CAMPO FIJO DE DESCRIPCIÓN FÍSICA--INFORMACIÓN GENERAL
campo de control de longitud fija ta
008 - DATOS DE LONGITUD FIJA--INFORMACIÓN GENERAL
campo de control de longitud fija 241108| gt ||||| |||| 00| 0 spa d
040 ## - FUENTE DE CATALOGACIÓN
Centro catalogador/agencia de origen gtgccic
Lengua de catalogación spa
Centro/agencia transcriptor gtgccic
Normas de descripción rda
084 ## - OTRO NÚMERO DE CLASIFICACIÓN
Número de control del registro de autoridad o número normalizado C-72-772
100 10 - ENTRADA PRINCIPAL--NOMBRE DE PERSONA
Nombre de persona Machón Castañeda, Martín
Fechas asociadas al nombre 1972
Término indicativo de función/relación Autor
245 10 - MENCIÓN DEL TÍTULO
Título Estudio del comportamiento de las Arenas de pómez del Calle de Guatemala, al ensayo de compresión triaxial /
Mención de responsabilidad, etc. Martín Machón Castañeda
264 #1 - PRODUCCIÓN, PUBLICACIÓN, DISTRIBUCIÓN, FABRICACIÓN Y COPYRIGHT
Producción, publicación, distribución, fabricación y copyright Guatemala, Guatemala :
Nombre del de productor, editor, distribuidor, fabricante Facultad de Ingeniería, Universidad de San Carlos de Guatemala,
Fecha de producción, publicación, distribución, fabricación o copyright 1972.
300 ## - DESCRIPCIÓN FÍSICA
Extensión 28 páginas :
Otras características físicas Ilustraciones,
Dimensiones 21 cm
336 ## - TIPO DE CONTENIDO
Fuente rdacontenido
Término de tipo de contenido Texto
Código de tipo de contenido txt
337 ## - TIPO DE MEDIO
Fuente rdamedio
Nombre/término del tipo de medio sin mediación
Código del tipo de medio n
338 ## - TIPO DE SOPORTE
Fuente rdasoporte
Nombre/término del tipo de soporte volumen
Código del tipo de soporte nc
502 ## - NOTA DE TESIS
Nota de tesis Ingeniero civil,
Tipo de título Tesis de grado,
Nombre de la institución que otorga el título USAC,
Año de obtención del título 1972.
Identificador de la tesis C72772
504 ## - NOTA DE BIBLIOGRAFÍA, ETC.
Nota de bibliografía, etc. Nota Bibliografía página 28
520 3# - RESUMEN, ETC.
Sumario, etc. El presente trabajo constituye un estudio de laboratorio de dichas características, mediante el ensayo de compresión triaxial y otros ensayos accesorios, se incluyen para sacar conclusiones además de los resultado de los análisis de laboratorio realizados específicamente para este estudio sino también los obtenidos anteriormente pro el laboratorio de suelos del CII en estudios del sub-suelo para diversas obras de ingeniería (cimentación de edificios, terraplenes, puentes y túneles) dentro del ámbito del Valle de Guatemala.
546 ## - NOTA DE IDIOMA
Nota de lengua/lenguaje Español
650 14 - PUNTO DE ACCESO ADICIONAL DE MATERIA--TÉRMINO DE MATERIA
Término de materia o nombre geográfico como elemento de entrada Ensayos (Tecnología)
650 14 - PUNTO DE ACCESO ADICIONAL DE MATERIA--TÉRMINO DE MATERIA
Término de materia o nombre geográfico como elemento de entrada Arena pómez
650 14 - PUNTO DE ACCESO ADICIONAL DE MATERIA--TÉRMINO DE MATERIA
Término de materia o nombre geográfico como elemento de entrada Geología - Investigaciones
700 10 - ENTRADA AGREGADA--NOMBRE PERSONAL
Nombre de persona Lou Ma, Roberto
Término indicativo de función/relación ASesor
942 ## - ELEMENTOS DE ENTRADA SECUNDARIOS (KOHA)
Préstamos Koha (prestado), todas las copias tesis
Tipo de ítem Koha TESIS
Prefijo de la signatura C72772
Suprimir en OPAC No
945 ## - PROCESAMIENTO DE INFORMACIÓN LOCAL (OCLC)
a MC
Existencias
Estatus retirado Estado de pérdida Estado de daño No para préstamo Biblioteca de origen Biblioteca actual Fecha de adquisición Número de inventario Total de préstamos Signatura topográfica completa Código de barras Visto por última vez Precio de reemplazo Tipo de ítem Koha Nota pública
        CENTRO DE INFORMACIÓN A LA CONSTRUCCIÓN-CICON CENTRO DE INFORMACIÓN A LA CONSTRUCCIÓN-CICON 02/05/1972 T1972772   C-72-772 TC1972772 08/11/2024 08/11/2024 TESIS Disponible